cardio - Statistiques

Statistiques générales
  • Ce quiz a été pris 1 fois
  • Le résultat moyen est 2 sur 53
Statistiques - réponses
Hint Réponse % Correct
Signes cliniques d’insuffisance cardiaque Œdèmes des membres inférieurs
100%
Signes cliniques d’insuffisance cardiaque Turgescence jugulaire
100%
Répartition du débit cardiaque au repos Peau 10%
0%
Répartition du débit cardiaque au repos Cerveaux 15%
0%
Répartition du débit cardiaque au repos Rein 20%
0%
Répartition du débit cardiaque au repos Muscle 20%
0%
Répartition du débit cardiaque à l’effort Cerveaux 5%
0%
Répartition du débit cardiaque à l’effort Muscle 85%
0%
Adaptation vasculaire à l’effort Acetylcholine spillover
0%
Facteurs vasodilatateurs ADP
0%
Facteurs vasodilatateurs ANP
0%
NYHA I Asymptomatique
0%
Adaptation vasculaire à l’effort Augmentation du débit musculaire
0%
Conséquences de la rigidité aortique baisse compliance
0%
Conséquences de la rigidité aortique baisse perfusion diastolique
0%
Conséquences de la rigidité aortique baisse pression diastolique
0%
conséquence dysfonction endothéliale baisse production de NO
0%
conséquence dysfonction endothéliale baisse vasodilatation dépendante de l’endothélium
0%
Signes de gravité d’une détresse respiratoire Balancement thoraco-abdominal
0%
Caractéristiques des œdèmes cardiaques Bilatéraux
0%
Facteurs vasodilatateurs CO2
0%
Signes cliniques d’insuffisance cardiaque Crépitants des bases pulmonaires
0%
Signes de gravité d’une détresse respiratoire Cyanose
0%
Caractéristiques des œdèmes cardiaques Déclives
0%
systole intervalle entre B1 et B2
0%
diastole intervalle entre B2 et B1
0%
Potentiel d’action ventriculaire: Plateau entrée de Ca2+
0%
Potentiel d’action ventriculaire: Phase 0 entrée de Na+
0%
Bruits B2 fermeture valves aortique et pulmonaire
0%
Bruits B1 fermeture valves mitrale et tricuspide
0%
Facteurs vasodilatateurs Forces de cisaillement
0%
conséquence dysfonction endothéliale hausse coagulation
0%
conséquence dysfonction endothéliale hausse perméabilité
0%
Conséquences de la rigidité aortique hausse pression systolique
0%
conséquence dysfonction endothéliale hausse recrutement inflammatoire
0%
conséquence dysfonction endothéliale hausse vasoconstriction
0%
Conséquences de la rigidité aortique hausse vitesse de l’onde de pouls
0%
Adaptation vasculaire à l’effort Levée du tonus sympathique
0%
Adaptation vasculaire à l’effort Métabolites locaux
0%
Facteurs vasodilatateurs Monoxyde d’azote
0%
Caractéristiques des œdèmes cardiaques Mous
0%
Caractéristiques des œdèmes cardiaques Prenant le godet
0%
Signes cliniques d’insuffisance cardiaque Reflux hépato-jugulaire
0%
Signes de gravité d’une détresse respiratoire Saturation O2 très basse
0%
Signes de gravité d’une détresse respiratoire Somnolence
0%
Potentiel d’action ventriculaire: Repolarisation sortie de K+
0%
Signes ECG de gravité devant palpitations Sous-décalage du segment ST
0%
Signes ECG de gravité devant palpitations Sus-décalage du segment ST
0%
NYHA IV symptome au repos
0%
NYHA II symptome effort important
0%
NYHA III symptome effort modéré
0%
Signes ECG de gravité devant palpitations Tachycardie à QRS larges
0%
Signes ECG de gravité devant palpitations Tachycardie très rapide
0%
Aucun quiz correspondant
Distribution des résultats
% des personnes avec chaque résultat
Percentile par nombre de réponses
Votre historique - résultats
Vous n’avez pas pris ce quiz